000 01665nam a22003257a 4500
005 20200104041616.0
008 130704b2011 ck |||||r|||| 00| 0 spa d
020 _a9789588343570
040 _aCO-BoIAVH
_cCO-BoIAVH
041 0 _aspa
044 _ack
082 0 4 _a591.529
_bC718g
110 1 _aColombia
_b, Ministerio de Ambiente, Vivienda y Desarrollo Territorial
_bInstituto Humboldt
_bPontificia Universidad Javeriana
245 1 0 _aGuía metodológica para el análisis de riesgo de extinción de especies en Colombia /
_cJuan David Amaya Espinel, María Fernanda Gómez, Angela María Villareal, Jorge Velásquez-Tibatá y Luis Miguel Renjifo.
260 _aBogotá (Colombia) :
_bInstituto de Investigación de Recursos Biológicos Alexander von Humboldt,
_c2011.
300 _a83 páginas :
_bilustraciones y gráficas ;
_c21 cm.
504 _aIncluye referencias bibliográficas
505 0 _aEl objetivo de este documento es estandariza los conceptos y la terminología empleada en las metodologías de a UICN con el fin de fortalecer la aplicación de estas metodologías, tomando como ejemplo los procesos adelantados en peces y aves
650 4 _aBiodiversidad
_xEspecies
650 4 _aEspecies en peligro de extinción
650 6 _aBiodiversidad
_xEvaluación de riesgos
650 6 _aDiversidad biológica
_xconservación
651 6 _aColombia
700 1 _aAmaya Espinel, Juan David
700 1 _aGómez, María Fernanda
700 1 _aVillareal, Angela María
700 1 _aRenjifo, Luis Miguel
700 1 _aVelásquez-Tibatá, Jorge Iván
942 _2ddc
_cLIBRO
999 _c7337
_d7337